000 01007nam a22002537a 4500
005 20170124103009.0
010 _aA-803067
020 _c100.00
_a8173151768
035 _aA-803067
037 _bCen Lib/Ret
040 _aDPL
_bHN
082 _a
_bमहान
245 _aमहानगर की कहानियां /
_cसम्पादक गिरिराज शरण
246 _aMahangar ki kahaniyan /
_bsampadak Giriraj Sharan
260 _aनई दिल्ली
_bप्रभात प्रकाशन
_c1996
270 _a4/19, आसफ अली रोड
_bनई दिल्ली
_e110002
300 _a143पृ.
_c20सेमी (सजिल्द)
650 _aहिन्दी -- साहित्य
_956988
650 _aहिन्दी -- कहानी
_9779
650 _aHindi -- Literature
_956989
650 _aHindi -- story
_943117
700 _aशरण, गिरिराज
_943761
942 _2ddc
_cHN
_h
_mमहान
999 _c114483
_d114483